000 00641nam a22002177a 4500
003 UA-OsUOA
001 42510
007 ta
008 20061108b un ||||| |||| 00| 0 ukr d
100 _aМеркулова М.Г.
090 _a82
_bМ-11
942 _cSA
040 _aUA-OsUOA
_brus
_cUA-OsUOA
_dUA-OsUOA
245 _aРетроспекция в трагедии Шекспира "Гамлет"
300 _aС.33-44
955 _a0
041 _arus
080 _a82
773 0 _w42508
_tФилологические науки
_dМ.
_d2006
_g5
650 7 _a82 Література. Літературознавство
_2UDC
999 _c328644
_d328644